| 000 | 00669nam a2200181Ia 4500 | ||
|---|---|---|---|
| 999 |
_c44505 _d44505 |
||
| 003 | GCL | ||
| 005 | 20240530104101.0 | ||
| 008 | 140319s1971 le 001 0 ara d | ||
| 040 |
_aGCL / _cGCL |
||
| 082 | 0 | 4 |
_a920.71/ _bم أ |
| 100 | 1 | _aمردم، خليل | |
| 245 | 1 | 0 |
_aاعيان القرن الثالث عشر فى الفكر والسياسة والاجتماع / _cتاليف خليل مردم |
| 260 |
_aبيروت : _bلجنة التراث العربى، _c1971. |
||
| 300 |
_a328 ص. ؛ _c24 سم. |
||
| 650 | 0 | 7 |
_2qrmak _aالرجال _vتراجم _yالقرن الثالث عشر |
| 650 | 0 | 7 |
_2qrmak _aعلماء الاجتماع _xتراجم |
| 942 |
_2ddc _cBK |
||